<?xml version="1.0" encoding="UTF-8"?>
<collection xmlns="http://www.loc.gov/MARC21/slim">
  <record>
    <leader>00000nam  2200000   4500</leader>
    <controlfield tag="001">INLIS000000000015980</controlfield>
    <controlfield tag="005">20231006031333</controlfield>
    <datafield tag="035" ind1="#" ind2="#">
      <subfield code="a">0010-1023000062</subfield>
    </datafield>
    <controlfield tag="007">ta</controlfield>
    <controlfield tag="008">231006################|##########|#|##</controlfield>
    <datafield tag="084" ind1="#" ind2="#">
      <subfield code="a">R 99 PIM I 2022</subfield>
    </datafield>
    <datafield tag="100" ind1=" " ind2="#">
      <subfield code="a">Hary Budiarto</subfield>
    </datafield>
    <datafield tag="245" ind1="1" ind2="#">
      <subfield code="a">Akselerasi Peningkatan Kompetensi Kepemimpinan Digital untuk Pimpinan Daerah (Smart Digital Leader) /</subfield>
      <subfield code="c">Hary Budiarto</subfield>
    </datafield>
    <datafield tag="250" ind1="#" ind2="#">
      <subfield code="a">1</subfield>
    </datafield>
    <datafield tag="260" ind1="#" ind2="#">
      <subfield code="a">Jakarta :</subfield>
      <subfield code="b">Pusbangkom Pimnas dan Manajerial ASN,</subfield>
      <subfield code="c">2022</subfield>
    </datafield>
    <datafield tag="300" ind1="#" ind2="#">
      <subfield code="a">51 halaman :</subfield>
      <subfield code="b">ilus ;</subfield>
      <subfield code="c">30 cm</subfield>
    </datafield>
    <datafield tag="650" ind1="#" ind2="4">
      <subfield code="a">Digital Leader</subfield>
    </datafield>
    <datafield tag="520" ind1="#" ind2="#">
      <subfield code="a">Digital Leadership Academy (DLA) merupakan program pelatihan unggulan dari Kementerian Komunikasi dan Informatika yang pelaksanaannya dirancang bersama perguruan tinggi terbaik dunia ternama. DLA dikhususkan untuk level pimpinan di sektor publik seperti Kementerian, Lembaga Pemerintah Non Kementerian, Pemerintah Daerah, Perguraun Tinggi dan Sektor privat (swasta). Proyek perubahan yang berupa akselerasi Peningkatan Kompetensi Kepemimpinan Digital dalam jangka pendek terdapat 2 kegiatan yaitu Smart Digital Leader Jabar Juara yang merupakan pelatihan kepemimpinan digital untuk pimpinan daerah khususnya untuk para pimpinan daerah provinsi Jawa Barat yang bekerjasama dengan National University of Singapore dan BPSM Provinsi Jawa Barat. Sedangkan Smart Digital Leader Indonesia Makin Digital merupakan program pelatihan khusus untuk kepala daerah dengan melaksanakan kunjungan atau visitasi dalam pelaksanaannya bekerjasama dengan BPSDM Kementerian Dalam Negeri dan Amazon Web Service serta National University of Singapore</subfield>
    </datafield>
    <datafield tag="856" ind1="#" ind2="#">
      <subfield code="a">Perpustakaan LAN Pusat</subfield>
    </datafield>
    <datafield tag="990" ind1="#" ind2="#">
      <subfield code="a">99</subfield>
    </datafield>
  </record>
</collection>
